[Event "URS-ch sf"]
[Site "Severodonetsk"]
[Date "1982.??.??"]
[Round "?"]
[White "Tseshkovsky, Vitaly"]
[Black "Gurevich, Mikhail"]
[Result "0-1"]
[WhiteElo "2595"]
[BlackElo "2315"]

1.e4 d6 2.d4 Nf6 3.Nc3 g6 4.g3 Bg7 5.Bg2 O-O 6.h3 Nbd7 7.Nge2 e5 8.O-O exd4
9.Nxd4 Re8 10.Nb3 Nb6 11.a4 a5 12.f4 Bd7 13.Qd3 Be6 14.Rd1 Nfd7 15.Nd4 Nc5
16.Qf1 Bd7 17.b3 f5 18.exf5 Bxf5 19.Bb2 Ne4 20.Nxe4 Bxe4 21.Rab1 Qd7 22.Re1 Bxg2
23.Rxe8+ Rxe8 24.Qxg2 c6 25.Nf3 Bxb2 26.Rxb2 Nd5 27.Rb1 Ne3 28.Qf2 Qxh3 29.Re1 Qe6
30.c3 Kf8 31.Nh2 b5 32.f5 Qxf5 33.Rxe3 Rxe3 34.Qxe3 Qb1+ 35.Kg2 Qxb3 36.axb5 Qxb5
37.Nf3 a4 38.Nd4 Qd5+ 39.Kh2 a3 40.Ne6+ Kg8 41.Nd8 Qh5+ 42.Kg2 Qe5 43.Qf2 Qd5+
44.Kh2 a2 45.Qb2 Qh5+ 46.Kg2 Qa5 47.Nxc6 Qa4 48.Qb8+ Kg7 49.Qb7+ Kh6 50.Ne7 Qe8
51.Qe4 Kg7 52.Qd4+ Kf7 53.Qc4+ Kxe7 54.Qxa2 Qc6+ 55.Kh2 Qxc3 56.Qa7+ Ke6
57.Qxh7 Qc2+ 58.Kh3 Qf5+ 59.Kg2 Qe4+ 60.Kf2 d5 61.Qg8+ Kf5 62.Qc8+ Kg5 63.Qd8+ Kg4
64.Qh4+ Kf5 65.Qh3+ Qg4 66.Qh8 Qe4 67.Qc8+ Kg5 68.Qd8+ Kg4 69.Qh4+ Kf5 70.Qd8 d4
71.Qd7+ Kg5 72.Qa4 Qe3+ 73.Kg2 Qe2+ 74.Kh3 Qf1+ 75.Kh2 Qf2+ 76.Kh3 Qf3 77.Kh2 d3
78.Qa5+ Kf6 79.g4 Qe2+ 80.Kh3 Qe3+ 81.Kg2 d2 82.Qd8+ Ke5 83.Qc7+ Kd5 84.Qd7+ Kc4
85.Qa4+ Kc3 86.Qa3+ Kd4 87.Qa7+ Ke4 88.Qe7+ Kd3 89.Qa3+ Ke2 90.Qa6+ Qd3 91.Qe6+ Kd1
92.Qb6 Qe4+ 93.Kg3 Ke2 94.Qb2 g5 95.Kh2 Qf4+ 96.Kh1 Qf1+ 97.Kh2 Qf2+  0-1

[Event "URS-ch U26"]
[Site "Jurmala"]
[Date "1983.??.??"]
[Round "?"]
[White "Gurevich, Mikhail"]
[Black "Chernin, Alexander"]
[Result "1/2-1/2"]
[WhiteElo "2420"]
[BlackElo "2455"]

1.d4 Nf6 2.c4 e6 3.Nc3 Bb4 4.e3 O-O 5.Bd3 c5 6.Nf3 d5 7.O-O dxc4 8.Bxc4 Nbd7
9.Qe2 cxd4 10.exd4 b6 11.Rd1 Bb7 12.Bd2 Bxc3 13.bxc3 Qc7 14.Bd3 Rfe8 15.Re1 Rac8
16.Rac1 Qd6 17.Ba6 Qc7 18.Bd3 Qd6 19.Ba6 Qd5 20.Bxb7 Qxb7 21.c4 Qa6 22.Rc2 h6
23.Qd3 Red8 24.Qb3 Nb8 25.h3 Nc6 26.Bc3 Na5 27.Bxa5 Qxa5 28.Re5 Qa6 29.a4 Rc7
30.a5 Nd7 31.Rb5 Ra8 32.Nd2 Qc8 33.Ra2 Qd8 34.Qe3  1/2-1/2

[Event "URS-ch U26"]
[Site "Jurmala"]
[Date "1983.??.??"]
[Round "?"]
[White "Gurevich, Mikhail"]
[Black "Gavrikov, Viktor"]
[Result "1/2-1/2"]
[WhiteElo "2420"]
[BlackElo "2485"]

1.g3 g6 2.Bg2 Bg7 3.c4 Nf6 4.Nc3 O-O 5.e4 c5 6.Nge2 Nc6 7.d3 d6 8.O-O Ne8
9.Be3 Nd4 10.Rb1 a5 11.b3 Nc7 12.a3 Bg4 13.f3 Bd7 14.b4 axb4 15.axb4 Nxe2+
16.Nxe2 cxb4 17.Bb6 Qc8 18.Rxb4 Na6 19.Rb1 Nc5 20.Qd2 Ra3 21.d4 Nd3 22.c5 dxc5
23.dxc5 Be6 24.h4 Ne5 25.Nf4 Nc4 26.Qf2 Ne3 27.Rfc1 Ba2 28.Bh3 Qa8 29.c6 Bxb1
30.c7 Rc3 31.Bxe3 Rxc1+ 32.Bxc1 Qa1 33.Qe1 Bc3 34.Qd1 e6 35.Nxe6 fxe6 36.Bxe6+ Kh8
37.Qd8 Qa8 38.Bd2 Bf6 39.Qd6 Bg7 40.Bg5 Bxe4 41.c8=Q Rxc8 42.Bxc8 Qa1+ 43.Kh2 Qa2+
44.Bd2  1/2-1/2

[Event "URS-ch U26"]
[Site "Jurmala"]
[Date "1983.??.??"]
[Round "?"]
[White "Gurevich, Mikhail"]
[Black "Kengis, Edvins"]
[Result "1/2-1/2"]
[WhiteElo "2420"]
[BlackElo "2455"]

1.c4 e6 2.Nc3 b6 3.Nf3 Bb7 4.e4 Bb4 5.Bd3 Ne7 6.O-O O-O 7.Ne2 f5 8.Ng3 Bd6
9.Re1 c5 10.exf5 Nxf5 11.Bxf5 Bxg3 12.Be4 Bxe4 13.Rxe4 Bd6 14.d4 cxd4 15.Rxd4 Bc5
16.Bg5 Qe8 17.Rd3 Nc6 18.Be3 Rxf3 19.gxf3 Ne5 20.Rc3 Bxe3 21.fxe3 Qh5 22.e4 Rf8
23.Kg2 Rf4 24.Qe2 Nxf3 25.Rxf3 Qg4+ 26.Kf2 Qh4+ 27.Kf1 Qh3+ 28.Kf2 Qh4+  1/2-1/2

[Event "URS-ch U26"]
[Site "Jurmala"]
[Date "1983.??.??"]
[Round "?"]
[White "Azmaiparashvili, Zurab"]
[Black "Gurevich, Mikhail"]
[Result "1/2-1/2"]
[WhiteElo "2455"]
[BlackElo "2420"]

1.d4 d6 2.c4 f5 3.Nc3 Nf6 4.g3 g6 5.Bg2 Bg7 6.Nh3 O-O 7.d5 c6 8.Nf4 e5 9.dxe6 Qe7
10.O-O Bxe6 11.Nxe6 Qxe6 12.Bf4 Ne8 13.Qb3 Rf7 14.e4 Na6 15.Bh3 Nc5 16.exf5 gxf5
17.Qc2 Qg6 18.Rad1 Ne6 19.Ne2 Qh5 20.Bg2 Be5 21.Bc1 f4 22.gxf4 Nxf4 23.Bxf4 Rxf4
24.Nxf4 Bxf4 25.h3 Nf6 26.Rfe1 Kh8 27.Re6 Rg8 28.Qd3 Nd7 29.Rde1 Ne5 30.R6xe5 Bxe5
31.b3 Rf8 32.Re4 Qf5 33.Qe2 Qf6 34.Re3 Qf4 35.Re4 Qf6 36.Re3 Qg7 37.Qg4 Qh6
38.c5 Qf6 39.Rf3 Bf4 40.Rd3 Rg8 41.Qf3 Qe5 42.Rd1 dxc5 43.Kh1 Qg5 44.Qg4 Qxg4
45.hxg4 Re8 46.Bf1 Re7 47.Bd3 Kg7 48.Kg2 h6 49.Bf5 Kf6 50.Kf3 Bg5 51.Rd7 Rxd7
52.Bxd7 Ke5 53.Bc8 b5 54.Bd7  1/2-1/2

[Event "URS-ch U26"]
[Site "Jurmala"]
[Date "1983.??.??"]
[Round "?"]
[White "Majorovas, Vitalijus"]
[Black "Gurevich, Mikhail"]
[Result "1/2-1/2"]
[WhiteElo "2420"]
[BlackElo "2420"]

1.d4 d6 2.c4 g6 3.g3 Bg7 4.Bg2 Nf6 5.Nf3 O-O 6.O-O a6 7.Nc3 Nc6 8.Qd3 Bf5
9.e4 Bg4 10.d5 Bxf3 11.Qxf3 Nd4 12.Qd3 Nd7 13.Be3 c5 14.dxc6 Nxc6 15.Rac1 Nc5
16.Qd2 b5 17.Nd5 b4 18.b3 a5 19.Rfd1 Qb8 20.f4 a4 21.bxa4 Nxa4 22.c5 Nc3
23.cxd6 Rxa2 24.dxe7 Rxd2 25.exf8=Q+ Kxf8 26.Rxd2 Bd4 27.Kh1 Bxe3 28.Nxe3 Qa7
29.Nd5 Nd4 30.Nxb4 Nb3 31.Rd8+ Kg7 32.Rf1 Qb6 33.Nd5 Qxd8 34.Nxc3 Nd2 35.Rd1 Qd3
36.Nd5 Qe2 37.Nc3 Qf2 38.e5 h5 39.Nd5 h4 40.gxh4 Qxh4 41.Rc1 Qf2 42.Rd1 Qe2
43.Nc3 Qe3 44.Nd5 Qf2 45.Rg1 Qe2 46.Nf6 Kh6 47.Bd5 Nf3 48.Ng4+ Kg7 49.Bxf3 Qxf3+
50.Rg2 Qxf4 51.Kg1 Kf8  1/2-1/2

[Event "URS-ch U26"]
[Site "Jurmala"]
[Date "1983.??.??"]
[Round "?"]
[White "Novikov, Igor A"]
[Black "Gurevich, Mikhail"]
[Result "1/2-1/2"]
[WhiteElo "2385"]
[BlackElo "2420"]

1.d4 d6 2.e4 Nf6 3.Nc3 g6 4.Nf3 Bg7 5.Be2 O-O 6.O-O Bg4 7.Be3 Nc6 8.Qd2 Re8
9.Rad1 a6 10.Rfe1 e5 11.dxe5 dxe5 12.Qc1 Qc8 13.h3 Bxf3 14.Bxf3 Rd8 15.Rxd8+ Qxd8
16.Rd1 Qf8 17.Nb1 Rd8 18.Rxd8 Qxd8 19.c3 Qd3 20.Nd2 Bf8 21.Qf1 Qc2 22.Qb1 Qxb1+
23.Nxb1 h5 24.Nd2 Nd7 25.b4 Kh7 26.g4 hxg4 27.Bxg4 Ndb8 28.Bc8 b6 29.Nf3 f6
30.Be6 Nd8 31.Bd5 Bh6 32.Bxh6  1/2-1/2

[Event "URS-FL"]
[Site "Sverdlovsk"]
[Date "1984.??.??"]
[Round "?"]
[White "Gavrikov, Viktor"]
[Black "Gurevich, Mikhail"]
[Result "1-0"]
[WhiteElo "2505"]
[BlackElo "2420"]

1.d4 e6 2.Nf3 Nf6 3.g3 b5 4.Bg2 Bb7 5.O-O c5 6.Bg5 Be7 7.dxc5 Bxc5 8.Qd3 b4
9.Bxf6 gxf6 10.Nbd2 f5 11.a3 Ba6 12.Qb3 Qb6 13.axb4 Bxb4 14.c3 Bc5 15.Nd4 d5
16.Nxf5 Nd7 17.Qxb6 axb6 18.b4 Bf8 19.Nd4 Bh6 20.f4 O-O 21.c4 Bg7 22.e3 Bb7
23.Rfc1 Rxa1 24.Rxa1 Ra8 25.Rxa8+ Bxa8 26.Kf2 Bf8 27.cxd5 Bxd5 28.Bxd5 exd5
29.b5 Nf6 30.Kf3 Bb4 31.N2b3 Kg7 32.Nc6 Bd6 33.Nbd4 Kg6 34.g4 Ne4 35.Nf5 Kf6
36.Nxd6 Nxd6 37.Nb4 Ke6 38.f5+ Ke5 39.Nd3+ Kf6 40.Kf4 Nxb5 41.g5+ Ke7 42.Ke5 Nd6
43.f6+ Kd7 44.Kxd5 Nf5 45.Ne5+ Ke8 46.e4 Ne3+ 47.Kd4 Nc2+ 48.Kd3 Nb4+ 49.Kd4 Nc2+
50.Kc3 Ne3 51.Nc4 Ng4 52.h4 Kd7 53.Nxb6+ Ke6 54.Kd4 Ne5 55.Ke3 Ng6 56.h5 Nf8
57.Kf4 h6 58.gxh6 Kxf6 59.e5+ Ke6 60.Na4  1-0

[Event "URS-FL"]
[Site "Sverdlovsk"]
[Date "1984.??.??"]
[Round "?"]
[White "Gorelov, Sergey G"]
[Black "Gurevich, Mikhail"]
[Result "1/2-1/2"]
[WhiteElo "2420"]
[BlackElo "2420"]

1.d4 f5 2.Bg5 g6 3.Nc3 Bg7 4.e4 fxe4 5.Nxe4 d5 6.Nc5 Qd6 7.Nf3 Bg4 8.Be2 Nd7
9.Nxd7 Qxd7 10.c3 Bxf3 11.Bxf3 Nh6 12.O-O O-O 13.Re1 Rae8 14.Qd2 Nf7 15.Bf4 c6
16.h3 e5 17.dxe5 Nxe5 18.Bxe5 Rxe5 19.Rxe5 Bxe5 20.Re1 Re8 21.g3 Bf6 22.Rxe8+ Qxe8
23.Qe2 Qxe2 24.Bxe2 d4 25.cxd4 Bxd4 26.b3  1/2-1/2

[Event "URS-FL"]
[Site "Sverdlovsk"]
[Date "1984.??.??"]
[Round "?"]
[White "Gurevich, Mikhail"]
[Black "Kholmov, Ratmir D"]
[Result "1/2-1/2"]
[WhiteElo "2420"]
[BlackElo "2445"]

1.c4 e5 2.Nc3 Nf6 3.Nf3 Nc6 4.e3 Bb4 5.Qc2 Bxc3 6.Qxc3 Qe7 7.a3 d5 8.d4 exd4
9.Nxd4 Nxd4 10.Qxd4 c5 11.Qh4 dxc4 12.Bxc4 O-O 13.Bd2 Be6 14.O-O Rfd8 15.Rfd1 Bxc4
16.Qxc4 h6 17.Rac1 b6 18.b4 Rac8 19.Be1 Rxd1 20.Rxd1 Qe6 21.Rc1 Qxc4 22.Rxc4 Nd7
23.bxc5 Rxc5 24.Rxc5 Nxc5 25.Kf1  1/2-1/2

[Event "URS-FL"]
[Site "Sverdlovsk"]
[Date "1984.??.??"]
[Round "?"]
[White "Gurevich, Mikhail"]
[Black "Psakhis, Lev"]
[Result "1/2-1/2"]
[WhiteElo "2420"]
[BlackElo "2565"]

1.d4 e6 2.e4 d5 3.Nd2 c5 4.exd5 exd5 5.Ngf3 Nc6 6.Bb5 Bd6 7.dxc5 Bxc5 8.O-O Ne7
9.Nb3 Bd7 10.Re1 O-O 11.Bg5 Bg4 12.Be2 Re8 13.c3 h6 14.Bh4 Qb6 15.Nfd4 Bxe2
16.Rxe2 Nxd4 17.Nxd4 Nc6 18.Nf5 Bf8 19.Nxh6+ gxh6 20.Rxe8 Rxe8 21.Qg4+ Kh7
22.Qf5+ Kg8 23.Qg4+ Kh7 24.Qf5+  1/2-1/2

[Event "URS-FL"]
[Site "Sverdlovsk"]
[Date "1984.??.??"]
[Round "?"]
[White "Rozentalis, Eduardas"]
[Black "Gurevich, Mikhail"]
[Result "0-1"]
[WhiteElo "2490"]
[BlackElo "2420"]

1.e4 d6 2.d4 Nf6 3.Nc3 g6 4.Nf3 Bg7 5.Be2 O-O 6.O-O Bg4 7.Be3 Nc6 8.Qd2 Re8
9.d5 Bxf3 10.Bxf3 Ne5 11.Be2 c6 12.a4 Qa5 13.Ra3 Rec8 14.Rb3 Rab8 15.Qd4 c5
16.Qd2 a6 17.f3 Ned7 18.Kh1 Nb6 19.Ra3 Nfd7 20.Rd1 Re8 21.Bf1 Qb4 22.Rb3 Qa5
23.Ra1 Ne5 24.Nd1 Nbc4 25.Qxa5 Nxa5 26.Rc3 e6 27.Bd2 exd5 28.exd5 Ra8 29.h3 b6
30.Rb1 f5 31.Nf2 Nd7 32.Re3 Rxe3 33.Bxe3 Nb7 34.c3 Kf8 35.Nd3 b5 36.Nf4 bxa4
37.Ra1 Nb6 38.Bf2 Na5 39.Re1 Kf7 40.Bd3 Nac4 41.Re2 Bh6 42.Ne6 Bc1 43.Bb1 Bxb2
44.Ba2 Bc1 45.g4 Nd2 46.Bg3 Nbc4 47.gxf5 Nb3 48.Bh4 Ne3 49.fxg6+ hxg6 50.Ng5+ Kg7
51.Ne4 Nxd5 52.Nxd6 Rh8 53.Re4 g5 54.Be1 Rxh3+ 55.Kg2 Nf4+ 56.Kg1 Rxf3 57.Bb1 Nd2
58.Bxd2 Bxd2 59.Nf5+ Kf6 60.Rxa4 Bxc3 61.Rxa6+ Ke5 62.Ra4 Bd4+ 63.Nxd4 cxd4
64.Ra5+ Kd6 65.Be4 Re3 66.Bf5 g4 67.Bxg4 Rg3+ 68.Kf2 Rxg4 69.Kf3 Rh4 70.Kg3 Rh5  0-1

[Event "URS-ch sf"]
[Site "Sverdlovsk"]
[Date "1984.??.??"]
[Round "?"]
[White "Gurevich, Mikhail"]
[Black "Kengis, Edvins"]
[Result "1/2-1/2"]
[WhiteElo "2420"]
[BlackElo "2445"]

1.d4 Nf6 2.c4 e6 3.Nc3 Bb4 4.e3 c5 5.Ne2 cxd4 6.exd4 O-O 7.a3 Be7 8.d5 exd5
9.cxd5 Re8 10.d6 Bf8 11.g3 b6 12.Bg2 Nc6 13.b4 Bb7 14.O-O Rb8 15.Nb5 Ba6
16.Nec3 Re5 17.a4 Re6 18.Bg5 h6 19.Bxf6 Rxf6 20.Nd5 Rg6 21.Qb1 Bb7 22.f4 a6
23.f5 Rg4 24.Qd1 Rc4 25.Na3 Rd4 26.Qe2 Qg5 27.Nc4 b5 28.axb5 axb5 29.Nce3 Nxb4
30.Ne7+ Bxe7  1/2-1/2

[Event "URS-ch sf"]
[Site "Sverdlovsk"]
[Date "1984.??.??"]
[Round "?"]
[White "Veingold, Aleksandr"]
[Black "Gurevich, Mikhail"]
[Result "1/2-1/2"]
[WhiteElo "2430"]
[BlackElo "2420"]

1.d4 d5 2.c4 c6 3.cxd5 cxd5 4.Nc3 Nf6 5.Nf3 Nc6 6.Bf4 Bf5 7.e3 e6 8.Bd3 Bxd3
9.Qxd3 Bd6 10.Bxd6 Qxd6 11.O-O O-O 12.Rfc1 Rfc8 13.Ne2 Ne7 14.a3 h6 15.h3 a6
16.Nd2 Rxc1+ 17.Rxc1 Rc8 18.Rxc8+ Nxc8 19.Qb3 Qb6 20.Qxb6 Nxb6 21.Nc3 Ne8
22.b3 Nd6 23.Kf1 Kf8 24.Ke2 Ke7 25.h4 Nd7 26.g3 h5 27.Nf3 Nf6 28.Ng5 Nfe4
29.Ngxe4 Nxe4 30.Nd1 Nd6  1/2-1/2

[Event "URS-ch sf"]
[Site "Sverdlovsk"]
[Date "1984.??.??"]
[Round "?"]
[White "Malaniuk, Vladimir P"]
[Black "Gurevich, Mikhail"]
[Result "1/2-1/2"]
[WhiteElo "2485"]
[BlackElo "2420"]

1.e4 e6 2.d4 d5 3.e5 c5 4.c3 Nc6 5.Nf3 Bd7 6.a3 Nge7 7.b4 cxd4 8.cxd4 Nf5
9.Nc3 Be7 10.Be2 Rc8 11.Qd2 h5 12.Bb2 a6 13.h3 g6 14.O-O g5 15.g4 hxg4 16.hxg4 Nh6
17.Kg2 f5 18.exf6 Bxf6 19.Rh1 Kf8 20.Rh3 Kg7 21.Rah1 Qe7 22.Bd3 Rcg8 23.Bb1 Nf7
24.Rh7+ Rxh7 25.Rxh7+ Kf8 26.Ne2 Rh8 27.Rxh8+ Bxh8 28.Ng3 e5 29.dxe5 Ncxe5
30.Nxe5 Bxe5 31.Nf5 Qf6 32.Bxe5 Qxe5 33.Qe3 Be6 34.Nd4 Qxe3 35.fxe3 Bd7 36.Kg3 Ke7
37.e4 dxe4 38.Bxe4 Nd6 39.Bd5 Kf6 40.Nf3 Ba4 41.Kf2 Bd1 42.Ke3 Bxf3 43.Bxf3 Ke5
44.a4 b6  1/2-1/2

[Event "Jurmala"]
[Site "Jurmala"]
[Date "1985.??.??"]
[Round "2"]
[White "Gurevich, Mikhail"]
[Black "King, Daniel J"]
[Result "1-0"]
[WhiteElo "2500"]
[BlackElo "2425"]

1.d4 d5 2.c4 e6 3.Nc3 Nf6 4.Bg5 Be7 5.e3 h6 6.Bxf6 Bxf6 7.Nf3 O-O 8.Qc2 c5
9.dxc5 Nc6 10.cxd5 exd5 11.Bb5 d4 12.O-O-O Nb4 13.Qb3 a5 14.Nxd4 Qe7 15.a3 Qxc5
16.Bc4 Bxd4 17.Rxd4 Nc6 18.Rd5 Qe7 19.Rd2 a4 20.Qb6 Na5 21.Rd4 Be6 22.Bxe6 fxe6
23.Rxa4 Ra6 24.Qb5 Rf5 25.Qe2 b5 26.Rb4 Nc4 27.Nxb5 Nb6 28.Nc3 Qb7 29.Rd1 Rc5
30.Rd8+  1-0

[Event "Jurmala"]
[Site "Jurmala"]
[Date "1985.??.??"]
[Round "3"]
[White "Kengis, Edvins"]
[Black "Gurevich, Mikhail"]
[Result "1/2-1/2"]
[WhiteElo "2430"]
[BlackElo "2500"]

1.Nf3 Nf6 2.c4 e6 3.g3 d5 4.d4 Bb4+ 5.Bd2 Be7 6.Bg2 O-O 7.O-O c6 8.Qc2 b6
9.Bf4 Bb7 10.Nbd2 Nbd7 11.e4 Rc8 12.Rad1 c5 13.exd5 exd5 14.Qb1 Re8 15.b3 dxc4
16.Nxc4 Be4 17.Qb2 b5 18.Nce5 c4 19.Nxf7 c3 20.Qe2 Qb6 21.N7e5 Ba3 22.Bh3 Ba8
23.Qc2 Be4 24.Qe2  1/2-1/2

[Event "Jurmala"]
[Site "Jurmala"]
[Date "1985.??.??"]
[Round "5"]
[White "Gurevich, Mikhail"]
[Black "Tal, Mihail"]
[Result "0-1"]
[WhiteElo "2500"]
[BlackElo "2565"]

1.d4 Nf6 2.c4 c5 3.d5 g6 4.Nc3 Bg7 5.e4 O-O 6.Nge2 e6 7.Ng3 exd5 8.cxd5 d6
9.Be2 a6 10.a4 Nbd7 11.O-O Qc7 12.Be3 Re8 13.f3 Rb8 14.Qd2 Qa5 15.Qc2 Ne5
16.h3 Qb4 17.Na2 Qa5 18.b4 cxb4 19.Rab1 Bd7 20.Rxb4 b5 21.Qb1 h5 22.Rd1 Qc7
23.axb5 axb5 24.Bxb5 Bxb5 25.Rxb5 Rxb5 26.Qxb5 Rb8 27.Qa4 h4 28.Ne2 Rb2 29.Rc1 Qb8
30.Nac3 Nh5 31.Rc2 Ng3 32.Ba7 Qb7 33.Bd4 Kh7 34.Rxb2 Qxb2 35.Qd1 Nxf3+ 36.gxf3 Bxd4+
37.Nxd4 Qxc3 38.Kf2 Qb2+  0-1

[Event "Vrsac"]
[Site "Vrsac"]
[Date "1985.??.??"]
[Round "?"]
[White "Gurevich, Mikhail"]
[Black "Morovic Fernandez, Ivan"]
[Result "0-1"]
[WhiteElo "2500"]
[BlackElo "2470"]

1.d4 d5 2.c4 e6 3.Nc3 Nf6 4.Bg5 Be7 5.e3 O-O 6.Nf3 Nbd7 7.Qc2 c5 8.O-O-O Qa5
9.h4 cxd4 10.Nxd4 Bb4 11.Nb3 Qb6 12.cxd5 Bxc3 13.bxc3 exd5 14.Rd4 Ne5 15.f3 Bd7
16.h5 Rac8 17.Kd2 h6 18.Bxf6 Qxf6 19.Be2 Rfe8 20.Rf4 Qe7 21.Kc1 Nc6 22.Qd2 a5
23.Bb5 Ne5 24.Bxd7 Qxd7 25.Re1 Qd6 26.Kd1 a4 27.Rxa4 Nc4 28.Rxc4 Rxc4 29.Ke2 Qg3
30.Kf1 Rh4 31.Kg1 Rh2 32.Rc1 Rxe3 33.Nd4 Qh4  0-1

[Event "Baku"]
[Site "Baku"]
[Date "1986.??.??"]
[Round "?"]
[White "Bagirov, Vladimir"]
[Black "Gurevich, Mikhail"]
[Result "0-1"]
[WhiteElo "2485"]
[BlackElo "2510"]

1.d4 Nf6 2.c4 e6 3.Nc3 Bb4 4.e3 c5 5.Bd3 Nc6 6.Ne2 cxd4 7.exd4 d5 8.cxd5 Qxd5
9.O-O Qh5 10.Bf4 O-O 11.Qb3 Be7 12.Rad1 b6 13.Bg3 Bb7 14.a3 Rfd8 15.Bb1 Bd6
16.Qc2 Bxg3 17.Nxg3 Qh4 18.d5 exd5 19.Rfe1 g6 20.Ba2 d4 21.Nce4 Rac8 22.Qe2 Nd5
23.Qb5 a6 24.Qb3 Rc7 25.Nf1 Kg7 26.Nfd2 Ne5 27.Nf3 Nxf3+ 28.Qxf3 Ne3 29.fxe3 Bxe4
30.Qf4 Qxf4 31.exf4 Bf5 32.Bb3 a5 33.Rd2 b5 34.h3 h5 35.Kf2 h4 36.Red1 d3
37.Ba2 Rcd7 38.Bb1 Rd4 39.Kf3 b4 40.axb4 Rxb4 41.Bxd3 Rb3 42.Ke2 Re8+ 43.Kf1 Bxd3+
44.Rxd3 Rxb2 45.Ra1 Ree2 46.g4 hxg3 47.Rxg3 Rec2 48.Kg1 Kf6 49.Rg5 a4 50.Ra5 Rg2+
51.Kh1 Rh2+ 52.Kg1 Rbg2+ 53.Kf1 Rd2 54.Kg1 Rxh3 55.R1xa4 Rg3+ 56.Kf1 Rf3+
57.Ke1 Rdf2 58.Ra6+ Kg7 59.Ra7 Rxf4 60.R4a5 Rb2 61.Re5  0-1

[Event "Baku"]
[Site "Baku"]
[Date "1986.??.??"]
[Round "?"]
[White "Gurevich, Mikhail"]
[Black "Guseinov, Aidyn"]
[Result "1-0"]
[WhiteElo "2510"]
[BlackElo "2300"]

1.d4 Nf6 2.c4 c5 3.d5 e5 4.Nc3 d6 5.e4 Be7 6.Nf3 O-O 7.h3 Ne8 8.Bd3 Nd7 9.g4 a6
10.a4 g6 11.Bh6 Ng7 12.Qd2 Nf6 13.Ng1 Kh8 14.Be3 Nd7 15.Nge2 f5 16.exf5 gxf5
17.gxf5 Nxf5 18.Bxf5 Rxf5 19.Ng3 Rf7 20.Nce4 Nf8 21.Ng5 Bxg5 22.Bxg5 Qc7
23.Ne4 Ng6 24.Bf6+ Kg8 25.Qg5 Qd7 26.Ra3 Qf5 27.Re3 Qf4 28.h4 Bf5 29.Nxd6 h6
30.Qxf5 Rxf6 31.Qxf4 exf4 32.Re6 Rxe6+ 33.dxe6 Kf8 34.Nxb7 Rc8 35.Ke2 Ne5
36.b3 Ke7 37.Rd1 Kxe6 38.Rd5 Nd7 39.Rd6+ Ke7 40.Rxh6  1-0

[Event "Baku"]
[Site "Baku"]
[Date "1986.??.??"]
[Round "?"]
[White "Gurevich, Mikhail"]
[Black "Sideif Sade, Fikret I"]
[Result "1-0"]
[WhiteElo "2510"]
[BlackElo "2360"]

1.d4 Nf6 2.c4 g6 3.Nc3 d5 4.Nf3 Bg7 5.Qb3 dxc4 6.Qxc4 O-O 7.e4 Nc6 8.Be2 Bg4
9.d5 Na5 10.Qb4 Bxf3 11.Bxf3 c6 12.Be3 cxd5 13.exd5 Ne8 14.Nb5 Nd6 15.Rc1 b6
16.Nxd6 exd6 17.Qb5 Rc8 18.O-O Qh4 19.b3 Be5 20.g3 Qf6 21.Kg2 Bd4 22.Bh6 Rfd8
23.Rfe1 Be5 24.Rxc8 Rxc8 25.Bg4 Rb8 26.f4  1-0

[Event "Havana-B"]
[Site "Havana"]
[Date "1986.??.??"]
[Round "?"]
[White "Ortega, Lexy"]
[Black "Gurevich, Mikhail"]
[Result "1/2-1/2"]
[WhiteElo "2440"]
[BlackElo "2510"]

1.Nf3 Nf6 2.c4 e6 3.g3 d5 4.b3 Be7 5.Bg2 O-O 6.O-O b6 7.Bb2 Bb7 8.d3 c5 9.e3 Nc6
10.Nc3 Qd7 11.Qe2 Rad8 12.Rfd1 Rfe8 13.Rac1 d4 14.exd4 Nxd4 15.Nxd4 cxd4
16.Ne4 Nxe4 17.Bxe4 e5 18.Rc2 Bxe4 19.Qxe4 Bc5 20.g4 a5 21.Re2 a4 22.Bc1 axb3
23.axb3 b5 24.Bd2 bxc4 25.bxc4 Re6 26.h3 Qe7 27.Rb1 Qh4 28.Rb5 Bf8 29.Kg2 Rde8
30.Qf3 Qd8 31.Re4 Qd7 32.Qe2 Qc6 33.Kg1 Bd6 34.Rb1 Rg6 35.Kh2 Rf8 36.Rg1 Qd7
37.Rg3 f5 38.gxf5 Qxf5 39.Rxg6 Qxg6 40.Be1 h5 41.Kh1 Qf5 42.Kg2 Rf6 43.f3 Rg6+
44.Kh2 Qg5 45.Qf1 Qc1 46.Qf2 Qd1 47.Qf1 Bc7 48.h4 Kh7 49.Kh3 Rf6 50.Kg2 Rb6
51.Qe2 Qb1 52.Bf2 Rb2 53.Qf1 Qc2 54.Re1 Kg8 55.Kg1 Qd2 56.Bg3 Kh7 57.Rd1 Qe3+
58.Kh1 Ba5 59.Ra1 Bb4 60.Rd1 Rc2  1/2-1/2

[Event "Havana-B"]
[Site "Havana"]
[Date "1986.??.??"]
[Round "?"]
[White "Knezevic, Milorad"]
[Black "Gurevich, Mikhail"]
[Result "1/2-1/2"]
[WhiteElo "2425"]
[BlackElo "2510"]

1.d4 Nf6 2.c4 e6 3.Nc3 Bb4 4.Qc2 c5 5.dxc5 O-O 6.Nf3 Na6 7.e3 Nxc5 8.Bd2 b6
9.Be2 Bb7 10.O-O Nce4 11.Nxe4 Bxe4 12.Bd3 Bxd3 13.Qxd3 Bxd2 14.Qxd2 d5 15.cxd5 Qxd5
16.Qxd5 Nxd5 17.a3 Rfc8 18.Rfc1 Kf8 19.Kf1 Ke7  1/2-1/2

[Event "Havana-B"]
[Site "Havana"]
[Date "1986.??.??"]
[Round "?"]
[White "Hernandez, Alberto"]
[Black "Gurevich, Mikhail"]
[Result "1/2-1/2"]
[WhiteElo "2335"]
[BlackElo "2510"]

1.e4 e6 2.d4 d5 3.Nc3 Bb4 4.Bd3 dxe4 5.Bxe4 Nf6 6.Bf3 c5 7.Ne2 Nc6 8.a3 Bxc3+
9.bxc3 e5 10.Bg5 exd4 11.cxd4 cxd4 12.Bxc6+ bxc6 13.Qxd4 Qa5+ 14.Bd2 Qd5
15.Bb4 a5 16.Qxd5 Nxd5 17.Bc5 Ba6 18.O-O O-O-O 19.Rfe1 g6 20.Nd4 Kd7 21.Nb3 a4
22.Nd2 Rhe8 23.c4 Nf6 24.Bd4 Rxe1+ 25.Rxe1 Re8 26.Kf1 Nd5 27.Rxe8 Kxe8 28.Ke2 Nf4+
29.Kf3 Ne6 30.Ke3 Ke7 31.g3 c5 32.Be5 f6 33.Bc3 Nf8 34.f4 Nd7 35.Ba5 Ke6
36.Bc7 h6 37.Kd3 Kf5 38.h3 h5 39.Ke3 Bb7 40.Nb1 Bg2 41.Nc3 Bxh3 42.Nxa4 Bf1
43.Nb6 Nxb6 44.Bxb6 Bxc4 45.Bxc5 Kg4 46.Kf2 g5 47.fxg5 fxg5 48.a4 h4 49.gxh4 gxh4  1/2-1/2

[Event "Havana-B"]
[Site "Havana"]
[Date "1986.??.??"]
[Round "?"]
[White "Gurevich, Mikhail"]
[Black "Ricardi, Pablo"]
[Result "1-0"]
[WhiteElo "2510"]
[BlackElo "2520"]

1.d4 Nf6 2.Nf3 e6 3.c4 a6 4.Bg5 h6 5.Bxf6 Qxf6 6.Nc3 d6 7.g3 g6 8.Bg2 Bg7
9.O-O O-O 10.Qb3 Nd7 11.Rad1 Rb8 12.Qa3 e5 13.Nd5 Qd8 14.dxe5 Nxe5 15.Nxe5 Bxe5
16.c5 dxc5 17.Qxc5 Re8 18.f4 Bxb2 19.Nxc7 Qe7 20.Qc2 Qxe2 21.Rd2 Qe3+ 22.Kh1 Bg7
23.Nxe8 Qxe8 24.Re2 Qf8 25.Rfe1 Bg4 26.Re7 Bf6 27.Rxb7 Rxb7 28.Bxb7 Qb4 29.Rb1 Qd4
30.Qe4 Qf2 31.Bd5 Kg7 32.Qg2 Qd4 33.h4 Bc8 34.Kh2 Qc3 35.Qe2 Qd4 36.Rd1 Qc5
37.Kg2 h5 38.Qf2 Qc3 39.Qd2 Qa3 40.Qd3 Qb2+ 41.Rd2 Qb4 42.Rf2 Qb6 43.Rd2 a5
44.Qe4 Qd8 45.Qe3 Qd7 46.Kg1 Qg4 47.Bg2 Qf5 48.Kh2 Be6 49.Qd3 Qxd3 50.Rxd3 Bxa2
51.Ra3 Be6 52.Rxa5 Bc3 53.Rb5 Kf6 54.Bd5 Bd4 55.Kg2 Bc3 56.Rb6  1-0

[Event "Havana-B"]
[Site "Havana"]
[Date "1986.??.??"]
[Round "?"]
[White "Gurevich, Mikhail"]
[Black "Remon, Adelquis"]
[Result "1-0"]
[WhiteElo "2510"]
[BlackElo "2395"]

1.d4 f5 2.Nf3 Nf6 3.g3 g6 4.Bg2 Bg7 5.O-O O-O 6.b3 c5 7.e3 Ne4 8.Bb2 Nc6
9.c4 e6 10.Qe2 Qf6 11.Ne5 d6 12.Nxc6 bxc6 13.Nd2 Nxd2 14.Qxd2 Bb7 15.Rad1 Rfd8
16.Qa5 Qf7 17.Rd2 cxd4 18.Bxd4 Bxd4 19.exd4 f4 20.Re1 Rf8 21.c5 d5 22.Re5 Bc8
23.Bh3 Rb8 24.Rde2 Qg7 25.Re1 Rb7 26.Qd2 Rbf7 27.Bxe6 Bxe6 28.Rxe6 fxg3 29.fxg3 Rf2
30.R6e2 Rxe2 31.Rxe2 h5 32.Qe3 Rf5 33.Qe8+ Rf8 34.Qe6+ Kh7 35.Qe5 Qg8 36.Qc7+ Rf7
37.Qxc6 Qf8 38.Qxd5 Rf1+ 39.Kg2 Rh1 40.Rf2 Rxh2+ 41.Kxh2 Qxf2+ 42.Qg2 Qxd4
43.Qc2 Qe5 44.c6 h4 45.Qd3 Kh6 46.Kg2 Qb2+ 47.Kh3 Qc1 48.Qd4 Qxc6 49.Qh8+ Kg5
50.Qxh4+ Kf5 51.Qf4+  1-0

[Event "Havana-B"]
[Site "Havana"]
[Date "1986.??.??"]
[Round "?"]
[White "Spraggett, Kevin"]
[Black "Gurevich, Mikhail"]
[Result "1/2-1/2"]
[WhiteElo "2535"]
[BlackElo "2510"]

1.e4 e6 2.d4 d5 3.e5 c5 4.Nf3 Nc6 5.Bd3 cxd4 6.O-O Nge7 7.Bf4 Ng6 8.Bg3 Be7
9.Nbd2 f5 10.exf6 gxf6 11.Nh4 Nge5 12.Qh5+ Kd7 13.Bb5 Qe8 14.Qe2 a6 15.Bxc6+ Nxc6
16.c4 dxc3 17.bxc3 Qf7 18.Rad1 Rd8 19.Nc4 Bc5 20.Ne3 Ne7 21.Kh1 Ke8 22.c4 d4
23.Ng4 Ng8 24.f4 Rd7 25.Rfe1 Kf8 26.h3 Rd8 27.Nf3 Ne7 28.Ngh2 Nf5 29.Bf2 Bd7
30.g4 Ne7 31.Nxd4 Bxd4 32.Rxd4 Ng6 33.Kg1 e5 34.fxe5 fxe5 35.Rf1 exd4 36.Bxd4 Rac8
37.Rxf7+ Kxf7 38.Qf2+ Ke8 39.Qe3+ Kf7 40.Qf3+ Ke8 41.Qe3+ Kf7 42.Nf3 Rxc4
43.Qh6 Rxd4 44.Qxh7+ Kf6 45.g5+ Kf5 46.Nxd4+ Kxg5 47.h4+ Kf6 48.h5 Nf8 49.Qh6+ Kf7
50.Qf4+ Ke8 51.h6 Rc8 52.h7 Nxh7 53.Qe4+ Kd8 54.Qxh7 Rc5 55.Qf7 Kc8 56.Qe7 Ra5
57.Kf1 Rxa2 58.Qc5+ Kd8 59.Qb6+ Kc8 60.Qc5+ Kd8  1/2-1/2

[Event "Havana-B"]
[Site "Havana"]
[Date "1986.??.??"]
[Round "?"]
[White "Gurevich, Mikhail"]
[Black "Garcia Martinez, Silvino"]
[Result "1/2-1/2"]
[WhiteElo "2510"]
[BlackElo "2455"]

1.g3 g6 2.Bg2 c5 3.e4 Bg7 4.Ne2 Nc6 5.O-O d6 6.d3 e6 7.c3 Nge7 8.Be3 O-O
9.Na3 b6 10.Qd2 Ba6 11.Rad1 d5 12.Bh6 dxe4 13.Bxg7 Kxg7 14.Bxe4 Qd7 15.Nc2 Rad8
16.d4 cxd4  1/2-1/2

[Event "Havana-B"]
[Site "Havana"]
[Date "1986.??.??"]
[Round "?"]
[White "Gurevich, Mikhail"]
[Black "Filguth, Rubens A"]
[Result "1-0"]
[WhiteElo "2510"]
[BlackElo "2405"]

1.d4 Nf6 2.c4 e6 3.Nf3 Bb4+ 4.Nbd2 b6 5.e3 Bb7 6.Bd3 O-O 7.a3 Bxd2+ 8.Qxd2 d6
9.b4 Nbd7 10.Bb2 Qe7 11.O-O c5 12.Qc2 Rac8 13.Nd2 Rc7 14.dxc5 bxc5 15.b5 e5
16.f3 e4 17.fxe4 Ng4 18.Rae1 Qg5 19.Nf3 Qh6 20.Qe2 Re8 21.h3 Ngf6 22.Nd2 Nxe4
23.Bxe4 Bxe4 24.Nxe4 Rxe4 25.Rxf7 Kxf7 26.Qf3+ Nf6 27.Bxf6 gxf6 28.Qxe4 Re7
29.Qd5+ Re6 30.a4 Qh4 31.Rd1 Qg5 32.Qxg5 fxg5 33.Kf2 Ke7 34.Rd5 Re4 35.Rxg5 Kf6
36.Rg4  1-0